[Event "Challenge"]
[Site "http://www.queenalice.com/game.php?id=996673"]
[Date "2011.10.13"]
[Round "-"]
[White "dylan1d"]
[Black "rpalmero"]
[Result "0-1"]
[WhiteElo "1154"]
[BlackElo "1958"]

1. b3 d5 2. c4 dxc4 3. bxc4 e5 4. d3 c5 5. h4 Nc6 6. Bg5 f6 7. Bc1 Bd6 8. Rh3
Bxh3 9. Nxh3 Nge7 10. Nc3 a6 11. Ne4 Nf5 12. Rb1 Rb8 13. Rb2 O-O 14. Rd2 Nxh4
15. Ba3 Nb4 16. g3 Nf5 17. Nxd6 Qxd6 18. Bxb4 cxb4 19. g4 Nd4 20. e3 Nc6 21. Bg2
b6 22. Bxc6 Qxc6 23. d4 Qxc4 24. dxe5 fxe5 25. e4 Qxe4+ 26. Re2 Qh1+ 27. Kd2
Rbd8+ 28. Kc2 Qxd1+ 29. Kb2 Qxe2+ 30. Kb3 Rd3+ 31. Kxb4 Qe4# 0-1

[Event "marinc"]
[Site "http://www.queenalice.com/game.php?id=996675"]
[Date "2011.10.13"]
[Round "-"]
[White "dylan1d"]
[Black "maurice91"]
[Result "0-1"]
[WhiteElo "1176"]
[BlackElo "1765"]

1. d3 d5 2. e4 dxe4 3. dxe4 Qxd1+ 4. Kxd1 a6 5. g3 Nf6 6. Bg5 Nxe4 7. f3 Nxg5 8.
f4 Ne4 9. Bd3 Nf2+ 10. Ke2 Nxh1 11. Nc3 Bg4+ 12. Ke3 e6 13. Nge2 Bc5+ 14. Ke4
Nf2+ 15. Ke5 Nd7# 0-1

[Event "Challenge"]
[Site "http://www.queenalice.com/game.php?id=996676"]
[Date "2011.10.13"]
[Round "-"]
[White "schakertje"]
[Black "dylan1d"]
[Result "1-0"]
[WhiteElo "1527"]
[BlackElo "1174"]

1. c4 b6 2. Nc3 Nc6 3. e3 e5 4. Nf3 Bb4 5. Nb5 a6 6. Nxe5 Nxe5 7. a3 Be7 8. g3
Rb8 9. d4 Ng6 10. Nc3 Nf8 11. Qa4 b5 12. cxb5 axb5 13. Nxb5 d5 14. Nxc7# 1-0

[Event "Challenge"]
[Site "http://www.queenalice.com/game.php?id=996703"]
[Date "2011.10.13"]
[Round "-"]
[White "dylan1d"]
[Black "charles31"]
[Result "0-1"]
[WhiteElo "1172"]
[BlackElo "1741"]

1. e3 e5 2. d4 exd4 3. exd4 d5 4. b3 h6 5. Bb5+ Bd7 6. Bxd7+ Qxd7 7. h3 Nf6 8.
Nc3 Bb4 9. Bd2 Nc6 10. a3 Bxc3 11. Bxc3 O-O 12. Bb4 Qe6+ 13. Ne2 Rfe8 14. Bc3
Ne4 15. f3 Nxc3 16. Qd2 Nxe2 17. Qxe2 Qxe2# 0-1

[Event "Challenge"]
[Site "http://www.queenalice.com/game.php?id=996704"]
[Date "2011.10.13"]
[Round "-"]
[White "dylan1d"]
[Black "jbugg"]
[Result "0-1"]
[WhiteElo "1170"]
[BlackElo "1413"]

1. b3 e5 2. d3 Bc5 3. Nf3 Nc6 4. d4 Bb4+ 5. c3 Ba5 6. b4 Bb6 7. Nxe5 d6 8. Nxc6
bxc6 9. h4 a5 10. bxa5 Bxa5 11. Bd2 Qf6 12. g4 Nh6 13. g5 Qe6 14. gxh6 gxh6 15.
c4 Qxc4 16. Na3 Qxd4 17. e3 Qd5 18. Bxa5 Qxa5+ 19. Qd2 Qxa3 20. Rh3 Bxh3 21.
Bxh3 Rg8 22. Rc1 Rg1+ 23. Bf1 Qxa2 24. Rc2 Qa1+ 25. Qc1 Qa5+ 26. Rc3 c5 27. Qa3
Qxa3 28. Rxa3 Rxa3 29. Ke2 Ra1 30. Bh3 Rh1 31. Bf5 Rxh4 32. Kf3 c4 33. Kg3 Rhh1
34. Be4 Rhg1+ 35. Kh2 Rge1 36. Bxh7 c3 37. Bc2 Ra5 38. f4 Rxe3 39. Kg2 Re2+ 40.
Kf3 Rxc2 41. f5 Rxf5+ 42. Ke4 Re5+ 43. Kd3 Rf2 44. Kxc3 c5 45. Kb3 Rf4 46. Ka3
Re3+ 0-1

[Event "Challenge"]
[Site "http://www.queenalice.com/game.php?id=998346"]
[Date "2011.10.17"]
[Round "-"]
[White "dylan1d"]
[Black "rafa_sax88"]
[Result "0-1"]
[WhiteElo "1137"]
[BlackElo "1432"]

1. c4 e5 2. d3 Bb4+ 3. Bd2 Nc6 4. a3 Bxd2+ 5. Kxd2 Qh4 6. g3 Qd4 7. Nf3 Qxb2+ 8.
Qc2 Qxa1 9. d4 exd4 10. e3 Nf6 11. Nxd4 Nxd4 12. exd4 Qxd4+ 13. Kc1 Qe4 14.
Qxe4+ Nxe4 15. f3 Nf2 16. Rg1 O-O 17. Nc3 Re8 18. Nb5 c6 19. Nc7 Re1+ 20. Kd2
Rd1+ 21. Ke2 Rb8 22. Ne8 Nh3 23. Kxd1 Nxg1 24. c5 Nxf3 25. Be2 Nxh2 26. Nd6 f6
27. Bc4+ Kh8 28. Nf7+ Kg8 29. Ke1 d5 30. cxd6 b5 31. Bb3 Kf8 32. Nd8 Bd7 33. a4
Rxd8 34. axb5 cxb5 35. Bd5 Bf5 36. g4 Nxg4 37. Bc6 b4 38. Kd2 Rxd6+ 39. Ke2 Rxc6
40. Kf3 Kf7 41. Kf4 Ke6 42. Kf3 Ke5 43. Kg3 Be4 44. Kxg4 Rc3 45. Kh4 g5+ 46. Kh5
Rh3+ 47. Kg4 Rh4+ 48. Kg3 f5 49. Kf2 g4 50. Kg3 Rh3+ 51. Kf2 g3+ 0-1

[Event "Challenge II"]
[Site "http://www.queenalice.com/game.php?id=998355"]
[Date "2011.10.17"]
[Round "-"]
[White "R0ni"]
[Black "dylan1d"]
[Result "1-0"]
[WhiteElo "2466"]
[BlackElo "1162"]

1. e4 e5 2. Qh5 Qe7 3. Nc3 g6 4. Qd1 f5 5. exf5 gxf5 6. Nd5 Qd6 7. Qh5+ Kd8 8.
Qxf5 Ne7 9. Nxe7 Bxe7 10. Nf3 Qd5 11. c4 Qg8 12. Nxe5 d6 13. Nf7+ Ke8 14. Nxd6+
cxd6 15. Qxc8+ Bd8 16. Qxb7 h6 17. Qxa8 Qe6+ 18. Be2 Rh7 19. Qxb8 Re7 20. Qb5+
Kf7 21. Qd5 h5 22. Qxe6+ Rxe6 23. d4 Rg6 24. Bxh5 Kg7 25. Bxg6 Kxg6 26. Be3 Bf6
27. c5 dxc5 28. dxc5 Bxb2 29. Rb1 Bc3+ 30. Ke2 Kf5 31. Rhc1 Be5 32. c6 Bxh2 33.
c7 Bxc7 34. Rxc7 Kg4 35. Rc5 1-0

[Event "schakertje"]
[Site "http://www.queenalice.com/game.php?id=1000458"]
[Date "2011.10.22"]
[Round "-"]
[White "dylan1d"]
[Black "schakertje"]
[Result "0-1"]
[WhiteElo "1156"]
[BlackElo "1529"]

1. c4 Nf6 2. f3 Nc6 3. f4 Nd4 4. e3 Nc6 5. Nc3 d6 6. d4 Bg4 7. Be2 h5 8. Bxg4
Nxg4 9. h3 Nf6 10. d5 Na5 11. Qa4+ Nc6 12. g4 hxg4 13. hxg4 Rxh1 14. b4 Rxg1+
15. Kf2 Rh1 16. Bb2 Rh2+ 17. Kg3 Rxb2 18. b5 Nb8 19. b6+ Qd7 20. bxc7 Na6 21. g5
Nh5+ 22. Kh4 Nc5 23. Qd1 g6 24. Qc1 Rh2# 0-1

[Event "paulsains"]
[Site "http://www.queenalice.com/game.php?id=1000498"]
[Date "2011.10.22"]
[Round "-"]
[White "dylan1d"]
[Black "Paulsains"]
[Result "0-1"]
[WhiteElo "1164"]
[BlackElo "1906"]

1. Na3 e5 2. Nh3 d5 3. d3 Nc6 4. Bg5 Be7 5. Bxe7 Ngxe7 6. e4 dxe4 7. dxe4 Qxd1+
8. Kxd1 Be6 9. Bc4 O-O-O+ 10. Bd5 Nxd5 11. exd5 Bxd5 12. Re1 Bxg2+ 13. Kc1 Bxh3
14. Nb5 a6 15. Re3 Bg4 16. f3 Bh5 17. a4 e4 18. Rxe4 Bxf3 19. Rf4 Rd1# 0-1

[Event "revanche"]
[Site "http://www.queenalice.com/game.php?id=1002822"]
[Date "2011.10.29"]
[Round "-"]
[White "dylan1d"]
[Black "R0ni"]
[Result "0-1"]
[WhiteElo "1158"]
[BlackElo "2469"]

1. b4 c6 2. a4 e5 3. g3 Bxb4 4. c3 Be7 5. Ba3 d5 6. Bxe7 Nxe7 7. Bh3 Bxh3 8.
Nxh3 O-O 9. Na3 c5 10. d4 Qd7 11. dxc5 Qxh3 12. Qb3 Qc8 13. Nb5 Qxc5 14. a5 a6
15. c4 axb5 16. cxb5 Nf5 17. Kd1 Qd4+ 18. Qd3 Qxa1+ 19. Kd2 Qxa5+ 20. Kc2 Rc8+
21. Kd1 Qa1+ 22. Kd2 Ra2+ 23. Qc2 Rcxc2+ 24. Kd3 Qc3# 0-1

[Event "Challenge"]
[Site "http://www.queenalice.com/game.php?id=1003998"]
[Date "2011.11.2"]
[Round "-"]
[White "R0ni"]
[Black "dylan1d"]
[Result "1-0"]
[WhiteElo "2479"]
[BlackElo "1147"]

1. e4 g6 2. d4 Bg7 3. Nc3 c5 4. dxc5 Bxc3+ 5. bxc3 d6 6. cxd6 Qa5 7. Qd4 Nf6 8.
dxe7 Kxe7 9. a4 Rd8 10. Ba3+ Ke8 11. Qxf6 Qc7 12. Bb5+ Bd7 13. Qh8# 1-0

[Event "Challenge"]
[Site "http://www.queenalice.com/game.php?id=1004131"]
[Date "2011.11.2"]
[Round "-"]
[White "dylan1d"]
[Black "schakertje"]
[Result "0-1"]
[WhiteElo "1151"]
[BlackElo "1560"]

1. a3 a5 2. b4 b6 3. b5 c6 4. g3 cxb5 5. Bg2 Ra7 6. Nc3 Ba6 7. f4 b4 8. Nd5 e6
9. Ne3 Bc5 10. Nc4 Bxc4 11. Bb2 bxa3 12. Bxa3 Bd4 13. Rb1 d5 14. c3 Bc5 15. d4
Bxa3 16. Qa4+ Qd7 17. Qxa3 a4 18. Rxb6 Rb7 19. Ra6 Rb1+ 20. Kf2 Nxa6 21. Nf3 Rb8
22. Ne5 Qc8 23. Qxa4+ Ke7 24. Nc6+ Kf6 25. Nxb8 Nxb8 26. g4 Nh6 27. Qb4 Nxg4+
28. Kg3 Na6 29. Qd6 h5 30. Ra1 Bxe2 31. Rxa6 Bxa6 32. h3 Qxc3+ 33. Kh4 g5+ 34.
fxg5+ Kf5 35. Qxa6 Qe1# 0-1

[Event "givanildo"]
[Site "http://www.queenalice.com/game.php?id=1004365"]
[Date "2011.11.3"]
[Round "-"]
[White "dylan1d"]
[Black "Givanildo"]
[Result "0-1"]
[WhiteElo "1141"]
[BlackElo "1636"]

1. b4 e5 2. c3 b5 3. d3 c5 4. c4 cxb4 5. cxb5 Qb6 6. Qa4 Bc5 7. Bb2 Bxf2+ 8. Kd1
d6 9. Qxb4 Bxg1 10. d4 Na6 11. Qd2 Bf2 12. g3 Nc7 13. e3 Bg4+ 14. Be2 h5 15. Rf1
Bxg3 16. hxg3 e4 17. d5 f6 18. Bd4 Bxe2+ 19. Qxe2 Qa5 20. Nd2 Qa4+ 21. Nb3 Nxb5
22. Bb2 Ne7 23. Rc1 Nxd5 24. Rc5 dxc5 25. Rf5 Ndc3+ 26. Bxc3 Nxc3+ 27. Kd2 Nxe2
28. Kxe2 Qxa2+ 29. Nd2 Rd8 30. Rxc5 Qxd2+ 31. Kf1 Qd1+ 32. Kf2 Rd2# 0-1

[Event "AUTO-OPEN-2530"]
[Site "http://www.queenalice.com/game.php?id=1004693"]
[Date "2011.11.4"]
[Round "1"]
[White "mab881"]
[Black "dylan1d"]
[Result "1-0"]
[WhiteElo "1594"]
[BlackElo "1139"]

1. e4 g6 2. d4 Bh6 3. Bxh6 Nxh6 4. Nf3 f5 5. e5 f4 6. Qd2 g5 7. Nxg5 e6 8. Qxf4
Rf8 9. Qd2 Rg8 10. Nxh7 Nf7 11. Nf6+ Ke7 12. Nxg8+ Qxg8 13. Nc3 b6 14. Nb5 Ba6
15. Nxc7 Bb7 16. Nxa8 Bxa8 17. h4 Bxg2 18. Rg1 d6 19. exd6+ Kxd6 20. Rxg2 Qh7
21. Qf4+ e5 22. Qf6+ Kd7 23. Bd3 Qh6 24. Qxf7+ Kc8 25. Rg8+ Qf8 26. Rxf8# 1-0

[Event "AUTO-OPEN-2530"]
[Site "http://www.queenalice.com/game.php?id=1004694"]
[Date "2011.11.4"]
[Round "1"]
[White "dylan1d"]
[Black "mab881"]
[Result "0-1"]
[WhiteElo "1139"]
[BlackElo "1594"]

1. b4 Nf6 2. Bb2 e6 3. Bxf6 Qxf6 4. c3 Bxb4 5. cxb4 Qxa1 6. d4 Qxa2 7. e3 Nc6 8.
Nc3 Qb2 9. Qb1 Qxc3+ 10. Kd1 Qxb4 11. Qxb4 Nxb4 12. Nf3 O-O 13. Bc4 d5 14. Bb3
Nd3 15. Kd2 Nxf2 16. Rf1 Ne4+ 17. Kd3 b6 18. Ne5 c5 19. dxc5 Nxc5+ 20. Kc3 Nxb3
21. Kxb3 Ba6 22. Kb4 Bxf1 23. Nd7 Rfd8 24. Nf6+ gxf6 25. Kb3 Bxg2 26. Kb4 Bf1
27. Ka3 d4 28. exd4 Rxd4 29. Kb3 Rc8 30. h3 Rcc4 31. Kb2 Rd3 32. Kb1 Rd2 33. Ka1
Rc1# 0-1

[Event "AUTO-OPEN-2530"]
[Site "http://www.queenalice.com/game.php?id=1004715"]
[Date "2011.11.4"]
[Round "1"]
[White "alexsoncini"]
[Black "dylan1d"]
[Result "1-0"]
[WhiteElo "2060"]
[BlackElo "1139"]

1. d4 g5 2. Bxg5 f6 3. e4 d6 4. Qh5+ Kd7 5. Be3 Bh6 6. Bxh6 Nxh6 7. Qxh6 Rg8 8.
g3 Nc6 9. Bh3+ e6 10. Qxh7+ Ne7 11. d5 c6 12. Nc3 cxd5 13. Nxd5 Kc6 14. Nxe7+
Kc5 15. Nxg8 Qa5+ 16. c3 Bd7 17. b4+ Kb5 18. bxa5 Kxa5 19. Qxd7 Rxg8 20. Bf1 b6
21. Qb5# 1-0

[Event "AUTO-OPEN-2530"]
[Site "http://www.queenalice.com/game.php?id=1004716"]
[Date "2011.11.4"]
[Round "1"]
[White "dylan1d"]
[Black "alexsoncini"]
[Result "0-1"]
[WhiteElo "1129"]
[BlackElo "2058"]

1. b4 b6 2. c4 e5 3. Qb3 c5 4. bxc5 Bxc5 5. Bb2 Nc6 6. Qd1 f5 7. Nc3 Nf6 8. h4
O-O 9. h5 d5 10. Qa4 Bb7 11. Rh3 d4 12. Nb1 e4 13. Rb3 Qd6 14. Na3 a6 15. Rh3
Ne5 16. e3 d3 17. Bxe5 Qxe5 18. Rc1 Qb2 19. Kd1 Bxa3 20. Rc3 Qb1+ 21. Rc1 Qxc1#
0-1